[Event "Tourn. n9055"]
[Site "www.chess-mail.com"]
[Date "2017.03.18"]
[Round "1"]
[White "Prize640"]
[Black "Loper10"]
[WhiteElo "2370"]
[BlackElo "2680"]
[Result "0-1"]
[Round "1"]
1.e4 e6
2.d4 d5
3.Nb1d2 dxe4
4.Nd2xe4 Nb8d7
5.Ng1f3 Ng8f6
6.Bc1g5 Bf8e7
7.Ne4xf6 Be7xf6
8.Bg5e3 O-O
9.Bf1d3 Rf8e8
10.c3 e5
11.dxe5 Nd7xe5
12.Nf3xe5 Bf6xe5
13.Qd1c2 g6
14.O-O-O Qd8f6
15.Kb1 Bc8e6
16.h4 Be5f4
17.Be3d4 Bf4e5
18.Bd4e3 a5
19.h5 Ra8d8
20.hxg6 hxg6
21.Bd3e4 b5
22.Rd1e1 Be6c4
23.f3 a4
24.Be3c5 Kg7
25.g4 Re8h8
26.Qc2c1 Be5f4
27.Qc1c2 Qf6g5
28.Bc5d4 Bf4e5
29.Rh1xh8 Rd8xh8
30.b3 Be5xd4
31.cxd4 axb3
32.axb3 Bc4d5
33.Qc2xc7 Bd5xb3
34.f4 Qg5d8
35.Qc7c3 Bb3d5
36.Be4xd5 Qd8xd5
37.Qc3e3 Rh8h4
38.Qe3e5 Qd5xe5
39.fxe5 Rh4xg4
40.Re1d1 Rg4g2
41.d5 Kf8
42.d6 Ke8
43.Rd1d5 b4
44.Rd5b5 Rg2g4
45.Kb2 Rg4d4
46.Kb3 f6
47.Rb5b8 Kf7
48.exf6 Rd4xd6
49.Rb8xb4 Kxf6
50.Kc2 g5
51.Rb4b5 g4
52.Kc1 Rd6d8
53.Kc2 g3
54.Rb5b3 Rd8g8
55.Rb3f3 Ke5
56.Rf3f1 Ke4
57.Kd2 g2
{ resign }
0-1

[Event "Tourn. n9263"]
[Site "www.chess-mail.com"]
[Date "2017.03.18"]
[Round "1"]
[White "Genius3"]
[Black "Falcoale"]
[WhiteElo "1900"]
[BlackElo "2010"]
[Result "0-1"]
[Round "1"]
1.d4 Ng8f6
2.Bc1f4 e6
3.e3 b6
4.Ng1f3 Bf8e7
5.Nb1d2 Bc8b7
6.Bf1e2 d6
7.O-O O-O
8.c4 Nb8d7
 { time }
0-1

[Event "Tourn. n9212"]
[Site "www.chess-mail.com"]
[Date "2017.03.18"]
[Round "1"]
[White "Genius9"]
[Black "Jjmcbride"]
[WhiteElo "1720"]
[BlackElo "1650"]
[Result "0-1"]
[Round "1"]
1.d4 d5
2.Bc1f4 e6
3.e3 Bf8d6
4.Bf4xd6 Qd8xd6
5.c3 Ng8f6
6.Ng1f3 a6
7.Bf1d3 Nb8c6
8.O-O e5
9.Nf3xe5 Nc6xe5
10.dxe5 Qd6xe5
11.Nb1d2 Bc8d7
12.Nd2f3 Qe5d6
13.Rf1e1 O-O-O
14.Qd1c2 h6
15.Ra1d1 Bd7c6
 { time }
0-1

[Event "Match"]
[Site "www.echecsemail.com"]
[Date "2017.03.18"]
[Round "1"]
[White "Joseph1983"]
[Black "Luzhin"]
[WhiteElo "2200"]
[BlackElo "2230"]
[Result "0-1"]
[Round "1"]
1.d4 d5
2.c4 e6
3.cxd5 exd5
4.Nb1c3 Ng8f6
5.Bc1g5 c6
6.Qd1c2 h6
7.Bg5xf6 Qd8xf6
8.Ng1f3 Bc8f5
9.Qc2b3 Nb8d7
10.e3 Bf8e7
11.Nf3e5 Nd7xe5
12.dxe5 Qf6xe5
13.Qb3xb7 O-O
14.Qb7xc6 Be7b4
15.O-O-O Bb4xc3
{ resign }
0-1

[Event "Match"]
[Site "www.echecsemail.com"]
[Date "2017.03.18"]
[Round "1"]
[White "Genius9"]
[Black "Fred"]
[WhiteElo "1610"]
[BlackElo "2030"]
[Result "0-1"]
[Round "1"]
1.e4 e5
2.Ng1f3 Nb8c6
3.Bf1b5 d6
4.d4 Bc8d7
5.Nb1c3 f5
6.exf5 Ng8f6
7.dxe5 dxe5
8.O-O Bf8d6
9.Bc1g5 O-O
10.Nc3d5 Bd7xf5
11.Bg5xf6 Rf8xf6
12.Nd5xf6 Qd8xf6
13.Bb5xc6 bxc6
14.Qd1d2 h6
15.Qd2c3 Bf5e4
16.Nf3d2 Be4d5
17.Ra1e1 Qf6g5
18.Nd2e4 Qg5g6
19.Ne4g3 a5
20.f3 Ra8f8
21.Ng3e4 Bd6b4
22.Qc3d3 Bb4xe1
23.Rf1xe1 a4
24.b3 Rf8f4
25.Re1f1 Bd5xe4
26.fxe4 Qg6xe4
27.Rf1xf4 Qe4xf4
28.Qd3d8 Kh7
29.Qd8d3 e4
30.Qd3e2 axb3
31.axb3 Qf4c1
32.Kf2 e3
33.Kg3 Qc1d2
34.Qe2d3 Qd2xd3
35.cxd3 g5
36.Kf3 Kg6
37.Kxe3 Kf5
38.g3 Ke5
39.g4 c5
 { time }
0-1

[Event "Match"]
[Site "www.echecsemail.com"]
[Date "2017.03.18"]
[Round "1"]
[White "Genius9"]
[Black "Pinehill"]
[WhiteElo "1610"]
[BlackElo "2040"]
[Result "0-1"]
[Round "1"]
1.e4 d5
2.exd5 Ng8f6
3.d4 c6
4.Ng1f3 cxd5
5.Nb1c3 Bc8f5
6.Bf1d3 Nf6e4
7.O-O Ne4xc3
8.bxc3 Bf5g4
9.Bd3b5 Nb8c6
10.Rf1e1 e6
11.h3 Bg4h5
12.Bb5e2 Bf8d6
13.c4 dxc4
14.Be2xc4 O-O
15.c3 Qd8c7
16.Bc4d3 Ra8c8
17.Qd1e2 Nc6e7
18.Bc1d2 Ne7d5
19.Bd3xh7 Kh8
20.Bh7c2 Nd5xc3
21.Bd2xc3 Qc7xc3
22.Bc2e4 Rc8c7
23.Qe2d3 Qc3xd3
24.Be4xd3 Bh5xf3
25.gxf3 g6
26.Ra1c1 Rf8c8
27.Rc1xc7 Rc8xc7
28.Kg2 a6
29.Re1e2 Kg7
 { time }
0-1

[Event "Match"]
[Site "www.echecsemail.com"]
[Date "2017.03.18"]
[Round "1"]
[White "Kcriss"]
[Black "Ericleo1980"]
[WhiteElo "1810"]
[BlackElo "2180"]
[Result "0-1"]
[Round "1"]
1.e4 c5
2.Nb1c3 d6
3.d3 Ng8f6
4.Ng1f3 Bc8g4
5.h3 Bg4h5
6.Bf1e2 Nb8c6
7.Bc1e3 e6
8.O-O Bf8e7
9.d4 cxd4
 { time }
0-1

[Event "Match"]
[Site "www.echecsemail.com"]
[Date "2017.03.18"]
[Round "1"]
[White "Markos123"]
[Black "Menace"]
[WhiteElo "1870"]
[BlackElo "2260"]
[Result "0-1"]
[Round "1"]
1.e4 d5
2.exd5 Qd8xd5
3.Nb1c3 Qd5e6
4.Qd1e2 Nb8c6
5.g3 Nc6d4
6.Qe2xe6 Bc8xe6
7.Bf1d3 Be6d5
8.Nc3xd5 O-O-O
9.c4 e6
10.Nd5f4 Bf8c5
11.Ng1e2 Nd4f3
12.Kf1 e5
13.Nf4d5 c6
14.Bd3f5 Kb8
15.d3 cxd5
16.Kg2 Nf3d4
17.Ne2xd4 Bc5xd4
18.cxd5 Ng8e7
19.Bf5e4 Ne7xd5
20.Bc1d2 f6
21.Be4xd5 Rd8xd5
22.Ra1b1 Rh8c8
23.Bd2e3 Bd4xe3
24.fxe3 Rd5xd3
25.Rh1e1 Rc8c2
26.Kh3 Rd3d2
27.Re1h1 Rc2xb2
28.Rb1d1 Rb2xa2
29.Rd1e1 Rd2e2
30.Re1xe2 Ra2xe2
31.Rh1d1 Kc8
32.Rd1d6 Re2xe3
33.Rd6d2 a5
34.Rd2c2 Kb8
35.Kg2 Re3d3
36.h4 Rd3d7
37.h5 Ka7
38.Kh3 b5
39.Kh4 h6
40.Rc2f2 Rd7d4
41.g4 a4
{ resign }
0-1

[Event "Match"]
[Site "www.echecsemail.com"]
[Date "2017.03.18"]
[Round "1"]
[White "Chessghuttlu"]
[Black "Coraza8091"]
[WhiteElo "1449"]
[BlackElo "1560"]
[Result "0-1"]
[Round "1"]
1.d4 e6
2.c4 Ng8f6
3.a3 Nb8c6
4.Ng1f3 d5
5.Nb1c3 dxc4
6.e4 Nc6a5
7.Qd1a4 Na5c6
8.Bc1e3 Bc8d7
9.Qa4xc4 g6
 { time }
0-1

[Event "Match"]
[Site "www.echecsemail.com"]
[Date "2017.03.18"]
[Round "1"]
[White "Sonny1000"]
[Black "Canario"]
[WhiteElo "1300"]
[BlackElo "1870"]
[Result "0-1"]
[Round "1"]
1.d4 d5
2.Nb1c3 Bc8f5
3.Bc1f4 e6
4.Bf4xc7 Qd8xc7
5.h3 h6
6.Nc3xd5 exd5
7.Ng1f3 Ng8f6
8.Nf3e5 Nb8c6
9.Ne5xf7 Qc7xf7
10.c3 Bf8d6
11.Qd1b3 O-O
12.a4 Nc6a5
13.Qb3b5 Na5c4
14.g4 Bf5d7
15.Qb5xb7 Nf6e4
16.f3 Bd6g3
17.Kd1 Bd7xa4
18.Kc1 Qf7xb7
19.b4 Bg3f4
20.Kb1 Ne4d2
21.Ka2 Ba4b3
{ resign }
0-1

[Event "Match"]
[Site "www.echecsemail.com"]
[Date "2017.03.18"]
[Round "1"]
[White "Aiko1603"]
[Black "Chemin"]
[WhiteElo "1990"]
[BlackElo "1809"]
[Result "0-1"]
[Round "1"]
1.c4 c6
2.Nb1c3 d5
3.cxd5 cxd5
4.d4 Ng8f6
5.g3 Nb8c6
6.Bf1g2 Bc8f5
7.Ng1f3 e6
8.O-O Bf8d6
9.Bc1g5 O-O
10.Nc3b5 Bd6e7
11.Bg5xf6 Be7xf6
12.e3 Ra8c8
13.a3 a6
14.Nb5c3 b5
15.b4 Nc6xb4
16.axb4 Rc8xc3
17.Ra1xa6 Qd8e7
18.Qd1d2 Qe7xb4
19.Rf1a1 Rc3c4
20.Qd2xb4 Rc4xb4
21.Ra6b6 Rb4b2
22.Bg2f1 b4
23.Ra1a5 Bf6d8
{ resign }
0-1

[Event "Fast Game"]
[Site "www.echecsemail.com"]
[Date "2017.03.18"]
[Round "1"]
[White "Attatroll"]
[Black "Hennie4820"]
[WhiteElo "1860"]
[BlackElo "1660"]
[Result "1-0"]
[Round "1"]
1.Ng1f3 Ng8f6
2.d4 g6
3.c4 c5
4.Nb1c3 Bf8g7
5.e3 O-O
6.Bf1e2 cxd4
7.exd4 d5
8.O-O Bc8g4
9.h3 Bg4xf3
10.Be2xf3 e6
11.Bc1g5 Qd8d7
12.cxd5 Nf6xd5
13.Nc3xd5 exd5
14.Ra1c1 Nb8c6
15.Bg5e3 Rf8e8
16.a3 Ra8c8
17.Bf3g4 f5
18.Bg4f3 b6
19.Qd1b3 Nc6e7
20.Qb3b4 Ne7c6
21.Qb4b3 Rc8d8
22.Rf1d1 Nc6a5
23.Qb3d3 Na5c4
24.Bf3xd5 Qd7xd5
25.Qd3xc4 Qd5xc4
26.Rc1xc4 Re8e7
27.Be3g5 Re7d7
28.Bg5xd8 Rd7xd8
29.Kf1 Rd8d7
30.Ke2 Kf7
31.Ke3 Ke6
32.b4 Kd5
33.Rd1c1 Bg7h6
34.f4 g5
35.g3 gxf4
36.gxf4 Rd7e7
37.Kf3 Re7e4
38.Rc4c7 Re4xf4
39.Kg3 Rf4xd4
40.Rc7d7 Ke4
41.Rc1e1 Kd3
42.Re1d1 { resign }
1-0

[Event "Fast Game"]
[Site "www.echecsemail.com"]
[Date "2017.03.18"]
[Round "1"]
[White "Claymil"]
[Black "Cal"]
[WhiteElo "1599"]
[BlackElo "1690"]
[Result "1-0"]
[Round "1"]
1.c4 e5
2.Nb1c3 d6
3.g3 h6
4.Bf1g2 Ng8f6
5.h3 Bc8e6
6.b3 a6
7.Bg2xb7 Ra8a7
8.Bb7g2 c6
9.Bc1b2 Qd8c7
10.e3 d5
11.cxd5 cxd5
12.Ra1c1 Bf8b4
13.Nc3xd5 Qc7d6
14.Nd5xb4 Qd6xb4
15.Ng1e2 O-O
16.O-O Nb8d7
17.Ne2c3 Nd7c5
18.Qd1c2 Rf8d8
19.Nc3b1 Nc5d3
20.Bb2a3 Qb4b5
21.Nb1c3 Qb5a5
22.Ba3b2 Nd3xc1
23.Rf1xc1 Ra7c7
24.a3 Rc7d7
25.Rc1d1 Qa5b6
26.b4 g6
27.Nc3a4 Qb6b5
28.Bg2c6 Qb5e2
29.Bc6xd7 Nf6xd7
30.Na4c3 Be6xh3
31.Nc3xe2 { resign }
1-0

[Event "Tourn. n9175"]
[Site "www.chess-mail.com"]
[Date "2017.03.19"]
[Round "1"]
[White "Winston"]
[Black "Picifarkinca"]
[WhiteElo "1740"]
[BlackElo "1670"]
[Result "1-0"]
[Round "1"]
1.e4 e5
2.Ng1f3 Ng8f6
3.Nf3xe5 d6
4.Ne5f3 Nf6xe4
5.d3 Ne4f6
6.Nb1c3 Bf8e7
7.Bf1e2 O-O
8.Bc1e3 Nb8c6
9.O-O Rf8e8
10.h3 Nc6e5
11.Nf3xe5 dxe5
12.Nc3e4 Nf6xe4
13.dxe4 Bc8e6
14.Qd1xd8 Re8xd8
15.Rf1d1 b6
16.b3 f6
17.Rd1xd8 Ra8xd8
18.Ra1d1 Kf8
19.Rd1xd8 Be7xd8
20.c4 Bd8e7
21.f4 exf4
22.Be3xf4 Be7d6
23.Bf4xd6 cxd6
24.Kf2 Ke7
25.Kg3 Kd7
26.Be2g4 a5
27.Bg4xe6 Kxe6
28.Kf3 Ke5
29.Ke3 g6
30.g4 f5
31.exf5 gxf5
32.g5 f4
33.Kf3 a4
34.h4 axb3
35.axb3 Kf5
36.b4 Ke5
37.h5 Kf5
38.g6 hxg6
39.h6 g5
40.h7 g4
41.Kf2 { resign }
1-0

[Event "Tourn. n9189"]
[Site "www.chess-mail.com"]
[Date "2017.03.19"]
[Round "1"]
[White "Nulladies"]
[Black "Genius9"]
[WhiteElo "1740"]
[BlackElo "1620"]
[Result "1-0"]
[Round "1"]
1.d4 Ng8f6
2.Ng1f3 d5
3.Bc1f4 c6
4.e3 Bc8g4
5.h3 Bg4xf3
6.Qd1xf3 g6
7.Nb1d2 Bf8g7
8.c4 O-O
9.Ra1c1 e6
10.c5 b6
11.Bf4d6 Rf8e8
12.b4 Nb8d7
13.Bf1a6 bxc5
14.bxc5 Bg7f8
15.Bd6e5 Nd7xe5
16.dxe5 Nf6d7
17.Qf3f4 Bf8xc5
18.Nd2b3 Bc5b6
19.Rc1xc6 Qd8e7
20.O-O Bb6d8
21.Rf1c1 Bd8b6
22.Nb3d4 Bb6xd4
23.exd4 Nd7b6
24.Rc6c7 Qe7f8
25.Rc7b7 Re8e7
26.Rc1c7 Re7xc7
27.Rb7xc7 Nb6a4
28.Ba6d3 Na4b6
29.h4 Ra8c8
30.Qf4c1 Rc8xc7
31.Qc1xc7 Qf8c8
32.Qc7xa7 Nb6c4
{ time. }
1-0

[Event "Tourn. n9194"]
[Site "www.chess-mail.com"]
[Date "2017.03.19"]
[Round "1"]
[White "Bojan"]
[Black "Osopanda"]
[WhiteElo "2040"]
[BlackElo "2010"]
[Result "1-0"]
[Round "1"]
1.e4 c5
2.Ng1f3 Nb8c6
3.Nb1c3 e6
4.d4 cxd4
5.Nf3xd4 d6
6.Bc1e3 Ng8f6
7.f3 Bf8e7
8.g3 O-O
9.Bf1d3 Bc8d7
10.f4 a6
11.a3 Qd8c7
12.Qd1e2 Nc6xd4
13.Be3xd4 e5
14.Bd4e3 Bd7g4
15.Qe2f2 Bg4h3
16.f5 d5
17.exd5 Qc7d7
18.Qf2f3 Ra8c8
19.Ra1c1 Rc8xc3
20.bxc3 Qd7a4
21.Rc1a1 e4
22.Qf3f4 Nf6xd5
23.Qf4h4 Nd5xe3
24.Qh4xe7 exd3
25.Kd2 Ne3xc2
26.Ra1a2 Bh3xf5
27.Rh1b1 Nc2xa3
28.Qe7xa3 Qa4g4
29.Rb1e1 Qg4g5
30.Re1e3 Rf8e8
31.Qa3c5 Re8xe3
32.Qc5xe3 Qg5xe3
33.Kxe3 h6
{ time. }
1-0

[Event "Tourn. n9168"]
[Site "www.chess-mail.com"]
[Date "2017.03.19"]
[Round "1"]
[White "Cal"]
[Black "Genius9"]
[WhiteElo "1550"]
[BlackElo "1610"]
[Result "1-0"]
[Round "1"]
1.d4 d5
2.e3 Ng8f6
3.h3 e6
4.a3 c5
5.c3 Nb8c6
6.Bf1b5 Bc8d7
7.Ng1f3 cxd4
8.Bb5xc6 Bd7xc6
9.cxd4 Bf8d6
10.Nb1c3 O-O
11.O-O Qd8e7
12.b4 a6
13.Qd1d3 Ra8c8
14.Nf3g5 h6
15.f4 Qe7c7
16.Rf1f3 b5
17.Ng5xf7 Qc7xf7
18.Bc1d2 Bc6b7
19.Rf3g3 Rf8d8
20.Ra1f1 Nf6e4
21.Nc3e2 Rc8c7
22.Rg3g4 Rd8c8
23.Bd2e1 Ne4f6
24.Ne2g3 Nf6xg4
25.hxg4 Bd6e7
26.f5 exf5
27.Rf1xf5 Be7f6
28.Ng3h5 Rc7c6
29.Kh2 Rc6e6
30.Nh5f4 Re6d6
31.Be1g3 Rd6d7
32.Nf4h5 Rc8c6
33.Nh5f4 Rc6d6
34.Nf4h5 Qf7e6
{ time. }
1-0

[Event "Tourn. n9253"]
[Site "www.chess-mail.com"]
[Date "2017.03.19"]
[Round "1"]
[White "Powerchess"]
[Black "Balbyns"]
[WhiteElo "1630"]
[BlackElo "1750"]
[Result "0-1"]
[Round "1"]
1.e4 Nb8c6
2.d4 d5
3.e5 e6
4.f4 Ng8h6
5.Ng1f3 Nh6f5
6.Bf1e2 g6
7.c3 Bf8g7
8.O-O Bc8d7
9.Nb1a3 Qd8e7
10.Na3b5 Qe7d8
11.Nb5a3 a6
12.Na3c2 O-O
13.Nc2e3 Nf5xe3
14.Bc1xe3 b5
15.a4 b4
16.Qd1d2 bxc3
17.bxc3 { time. }
0-1

[Event "Tourn. n9178"]
[Site "www.chess-mail.com"]
[Date "2017.03.19"]
[Round "1"]
[White "Lucaschess"]
[Black "Vasylpuzanov"]
[WhiteElo "1499"]
[BlackElo "1420"]
[Result "1-0"]
[Round "1"]
1.e4 e5
2.Ng1f3 Nb8c6
3.Bf1c4 Ng8f6
4.d4 exd4
5.O-O Bf8c5
6.e5 d5
7.exf6 dxc4
8.fxg7 Rh8g8
9.Rf1e1 Bc8e6
10.Nf3g5 Qd8d5
11.Ng5xh7 Bc5e7
12.Bc1h6 O-O-O
13.Nb1d2 Be6g4
14.Qd1xg4 Kb8
15.Qg4f3 Qd5xf3
16.Nd2xf3 Kc8
17.Nf3e5 Nc6xe5
18.Re1xe5 Be7d6
19.Re5f5 Rd8d7
20.Nh7f6 { resign }
1-0

[Event "Tourn. n9113"]
[Site "www.chess-mail.com"]
[Date "2017.03.19"]
[Round "1"]
[White "Genius3"]
[Black "Libiesse"]
[WhiteElo "1860"]
[BlackElo "1990"]
[Result "0-1"]
[Round "1"]
1.d4 d5
2.c4 e6
3.Nb1c3 Ng8f6
4.cxd5 exd5
5.Bc1g5 Bf8e7
6.e3 O-O
7.Ng1f3 c6
8.Bf1d3 Nb8d7
9.O-O Rf8e8
10.Qd1c2 h6
11.Bg5f4 Nf6h5
12.Bf4g3 Nh5xg3
13.hxg3 Nd7f6
14.Nf3e5 Bc8e6
15.f4 Ra8c8
16.f5 Be6d7
17.Ne5xd7 Qd8xd7
18.Ra1e1 Be7d8
19.Qc2d1 Bd8c7
20.Rf1f3 Nf6e4
21.g4 Qd7d6
22.Bd3xe4 Qd6h2
23.Kf1 dxe4
24.Rf3h3 Qh2d6
25.Qd1e2 a6
26.Qe2f2 Bc7b6
27.Qf2g3 Qd6b4
28.Re1e2 Bb6c7
29.Qg3f2 Bc7d8
30.Re2d2 { time. }
0-1

[Event "Tourn. n9191"]
[Site "www.chess-mail.com"]
[Date "2017.03.19"]
[Round "1"]
[White "Vasylpuzanov"]
[Black "Genius9"]
[WhiteElo "1450"]
[BlackElo "1620"]
[Result "1-0"]
[Round "1"]
1.e4 e6
2.d4 d5
3.Nb1c3 Ng8f6
4.e5 Nf6d7
5.Ng1f3 a6
6.Bc1g5 Bf8e7
7.Bg5xe7 Qd8xe7
8.Bf1e2 c5
9.dxc5 Qe7xc5
10.O-O b5
11.a3 Bc8b7
12.Be2d3 Nb8c6
13.Rf1e1 Nd7b6
14.Qd1d2 Nb6c4
15.Qd2g5 O-O
16.Qg5h5 g6
17.Qh5h6 Qc5e7
18.Nf3g5 f5
19.exf6 Rf8xf6
20.Nc3xd5 { resign }
1-0

[Event "Tourn. n9165"]
[Site "www.chess-mail.com"]
[Date "2017.03.19"]
[Round "1"]
[White "Genius9"]
[Black "Coolant"]
[WhiteElo "1610"]
[BlackElo "1769"]
[Result "0-1"]
[Round "1"]
1.e4 Nb8c6
2.d4 d5
3.exd5 Qd8xd5
4.Ng1f3 Bc8g4
5.Bf1e2 O-O-O
6.c3 e5
7.dxe5 Bg4xf3
8.Be2xf3 Qd5xe5
9.Qd1e2 Qe5xe2
10.Kxe2 Bf8c5
11.Bc1e3 Bc5xe3
12.Kxe3 Nc6e5
13.Nb1a3 Ng8f6
14.Ra1d1 Rd8e8
15.Rh1e1 Ne5g4
16.Kd2 Ng4xf2
17.Re1xe8 Rh8xe8
18.Rd1f1 Nf2e4
19.Bf3xe4 Nf6xe4
20.Kc2 Ne4d6
21.Rf1f2 f5
22.Na3b1 g6
23.Nb1d2 Nd6e4
24.Rf2e2 Kd7
25.Nd2xe4 Re8xe4
26.Re2d2 Ke7
27.Kd3 Kf6
28.g3 g5
29.Rd2f2 h5
30.Rf2e2 Re4xe2
31.Kxe2 Ke5
32.Ke3 { time. }
0-1

[Event "Tourn. n9274"]
[Site "www.chess-mail.com"]
[Date "2017.03.19"]
[Round "1"]
[White "Danquigley"]
[Black "Pdebonis"]
[WhiteElo "2540"]
[BlackElo "2560"]
[Result "1/2-1/2"]
[Round "1"]
1.e4 c5
2.Nb1c3 Nb8c6
3.Ng1f3 d6
4.d4 cxd4
5.Nf3xd4 Ng8f6
6.f3 e5
7.Nd4b3 Bf8e7
8.Bc1e3 O-O
9.Qd1d2 Bc8e6
10.Nc3d5 a5
11.Be3b6 Qd8b8
12.Nd5xe7 Nc6xe7
13.Bb6xa5 Rf8c8
14.Bf1d3 b5
15.Ba5c3 d5
16.O-O Ra8a4
17.Qd2e1 dxe4
18.fxe4 Ne7g6
19.g3 Qb8a7
20.Kh1 { draw }
1/2-1/2

[Event "Tourn. n9276"]
[Site "www.chess-mail.com"]
[Date "2017.03.19"]
[Round "1"]
[White "Sozaro"]
[Black "Nulladies"]
[WhiteElo "1699"]
[BlackElo "1780"]
[Result "1-0"]
[Round "1"]
1.d4 Ng8f6
2.Ng1f3 d5
3.c4 e6
4.Nb1c3 Bf8b4
5.e3 Nf6e4
6.Bc1d2 Ne4xd2
7.Qd1xd2 O-O
8.a3 Bb4e7
9.Qd2c2 c5
10.dxc5 Be7xc5
11.O-O-O Qd8e7
12.cxd5 Rf8d8
13.Nc3e4 Nb8a6
14.Bf1xa6 b6
15.Ba6c4 Bc8b7
16.Ne4g5 g6
17.dxe6 f6
18.Rd1d7 Rd8xd7
19.exd7 Kg7
20.Ng5e6 Kh6
21.e4 Qe7xd7
22.Qc2c3 Qd7e7
23.Nf3g5 fxg5
24.Qc3h3 { resign }
1-0

[Event "Tourn. n9274"]
[Site "www.chess-mail.com"]
[Date "2017.03.19"]
[Round "1"]
[White "Pdebonis"]
[Black "Luban"]
[WhiteElo "2540"]
[BlackElo "2220"]
[Result "1-0"]
[Round "1"]
1.d4 d5
2.c4 dxc4
3.Ng1f3 e6
4.e3 Ng8f6
5.Bf1xc4 c5
6.O-O Bf8e7
7.dxc5 Qd8xd1
8.Rf1xd1 Be7xc5
9.b3 O-O
10.Bc1b2 Bc5e7
11.Nb1c3 a6
12.Bc4e2 b5
13.Nf3e5 Bc8b7
14.Ra1c1 Nb8c6
15.Nc3d5 Nf6xd5
16.Ne5xc6 Bb7xc6
17.Rc1xc6 Rf8c8
18.Rd1c1 Rc8xc6
19.Rc1xc6 Kf8
20.a4 bxa4
21.bxa4 a5
22.e4 Nd5f6
23.f3 Ke8
24.Be2b5 Kd8
25.Bb2d4 Ra8c8
26.Bd4b6 { resign }
1-0

[Event "Tourn. n9261"]
[Site "www.chess-mail.com"]
[Date "2017.03.19"]
[Round "1"]
[White "Iko"]
[Black "Genius3"]
[WhiteElo "1630"]
[BlackElo "1900"]
[Result "1-0"]
[Round "1"]
1.e4 d6
2.Ng1f3 g6
3.c3 Bf8g7
4.Bf1e2 e5
5.O-O Ng8e7
6.d3 O-O
7.Bc1e3 Nb8c6
8.Nb1a3 a6
9.Ra1c1 Bc8g4
10.Na3c4 Bg4xf3
11.Be2xf3 Qd8d7
12.Bf3g4 f5
13.exf5 gxf5
14.Bg4h5 Ne7g6
{ time. }
1-0

[Event "Tourn. n9200"]
[Site "www.chess-mail.com"]
[Date "2017.03.19"]
[Round "1"]
[White "Caspito"]
[Black "Genius9"]
[WhiteElo "1860"]
[BlackElo "1720"]
[Result "1-0"]
[Round "1"]
1.e4 e5
2.Ng1f3 Nb8c6
3.Bf1c4 Bf8c5
4.d3 Ng8f6
5.Bc1g5 d6
6.O-O O-O
7.c3 a6
8.Bc4d5 Bc8e6
9.Bd5xe6 fxe6
10.b4 Bc5b6
11.a4 Qd8e8
12.Nb1d2 Qe8g6
13.a5 Bb6a7
14.Qd1b3 Nf6h5
15.Bg5h4 Nh5f4
16.Bh4g3 Nf4xd3
17.b5 axb5
18.Qb3xb5 Nd3c5
19.h4 Ra8b8
20.Nf3g5 h6
21.Ng5h3 Nc5d7
22.a6 Qg6xg3
23.axb7 Qg3xc3
24.Nd2f3 Rf8xf3
25.Ra1xa7 Rf3xh3
26.gxh3 Nc6d4
27.Qb5xd7 Qc3xh3
28.f4 Qh3g3
29.Kh1 Qg3xh4
30.Kg2 Qh4g4
31.Kh1 Nd4e2
32.Qd7c8 Kh7
33.Ra7a3 Qg4h4
34.Kg2 Rb8xc8
35.bxc8Q Ne2xf4
{ time. }
1-0

[Event "Tourn. n9164"]
[Site "www.chess-mail.com"]
[Date "2017.03.19"]
[Round "1"]
[White "A27l"]
[Black "Arerax"]
[WhiteElo "1280"]
[BlackElo "1339"]
[Result "1-0"]
[Round "1"]
1.e4 e5
2.d3 Nb8c6
3.c3 d6
4.h3 g6
5.Ng1f3 f5
6.exf5 gxf5
7.Bf1e2 Ng8f6
8.O-O e4
9.dxe4 fxe4
10.Nf3h2 Rh8g8
11.Kh1 Nc6e5
12.Bc1f4 Ne5g6
13.Bf4e3 d5
14.Be3g5 Qd8d6
15.Bg5xf6 Qd6xf6
16.Be2g4 Bc8xg4
17.Nh2xg4 Qf6a6
18.Rf1e1 O-O-O
19.Qd1e2  { time }
1-0

[Event "Tourn. n9246"]
[Site "www.chess-mail.com"]
[Date "2017.03.19"]
[Round "1"]
[White "Goofy"]
[Black "Pdebonis"]
[WhiteElo "2340"]
[BlackElo "2480"]
[Result "0-1"]
[Round "1"]
1.e4 c5
2.c3 d5
3.exd5 Qd8xd5
4.d4 Ng8f6
5.Ng1f3 e6
6.Bc1e3 cxd4
7.cxd4 Bf8b4
8.Nb1c3 O-O
9.a3 Bb4xc3
10.bxc3 Qd5a5
11.Qd1c2 b6
12.Bf1d3 Bc8b7
13.O-O Bb7xf3
14.gxf3 Rf8c8
15.c4 Nb8c6
16.Kh1 Qa5h5
17.Bd3e2 b5
18.Rf1g1 bxc4
19.Rg1g5 Qh5h3
20.Ra1g1 g6
21.Rg5c5 Nc6e7
22.Qc2xc4 Nf6d5
23.Rg1g3 Qh3f5
24.Be2d3 Rc8xc5
25.dxc5 Nd5xe3
26.fxe3 Qf5e5
27.Bd3e4 Ra8c8
{ resign }
0-1

[Event "Tourn. n9199"]
[Site "www.chess-mail.com"]
[Date "2017.03.19"]
[Round "1"]
[White "Johnmcbride"]
[Black "Osopanda"]
[WhiteElo "1940"]
[BlackElo "2030"]
[Result "1-0"]
[Round "1"]
1.d4 d5
2.e3 Ng8f6
3.Bf1d3 e6
4.f4 Bf8e7
5.Ng1f3 O-O
6.O-O c5
7.c3 cxd4
8.cxd4 Nb8c6
9.Nf3e5 Nf6e4
10.Bd3xe4 dxe4
11.Ne5xc6 bxc6
12.Bc1d2 Bc8a6
13.Rf1f2 f5
14.Nb1c3 Ra8b8
15.b3 c5
16.Bd2c1 cxd4
17.exd4 Be7b4
18.Bc1b2 Rb8c8
19.Qd1d2 e5
20.fxe5 Qd8b6
21.Qd2e3 Ba6d3
22.Nc3d5 Qb6a5
23.Nd5xb4 Qa5xb4
24.h3 Rf8d8
25.Rf2xf5 Rd8f8
26.Rf5xf8 Rc8xf8
27.Kh2 Qb4e7
28.a4 Qe7f7
29.Bb2a3 Rf8c8
30.Ra1c1 Rc8xc1
{ time. }
1-0

[Event "Tourn. n9268"]
[Site "www.chess-mail.com"]
[Date "2017.03.19"]
[Round "1"]
[White "Bojan"]
[Black "Luban"]
[WhiteElo "2020"]
[BlackElo "2180"]
[Result "0-1"]
[Round "1"]
1.e4 c5
2.Bf1c4 e6
3.Ng1f3 a6
4.c3 b5
5.Bc4b3 Bc8b7
6.d3 g6
7.Bb3c2 Bf8g7
8.Bc1f4 d5
9.exd5 exd5
10.O-O Ng8e7
11.d4 c4
12.Rf1e1 O-O
13.Nf3e5 Nb8c6
14.Nb1d2 b4
15.Nd2f3 Rf8e8
16.Ne5xc6 Ne7xc6
17.Qd1d2 a5
18.Re1e2 Qd8d7
19.Ra1e1 Re8xe2
20.Re1xe2 Ra8e8
21.Qd2e1 Re8xe2
22.Qe1xe2 Kf8
23.Bc2a4 Nc6xd4
24.Nf3xd4 Qd7xa4
25.cxb4 axb4
26.b3 cxb3
27.Nd4xb3 Bb7a6
28.Bf4d6 Kg8
29.Qe2g4 Qa4xa2
30.Qg4d1 Ba6c4
31.Nb3d2 Qa2a1
32.Qd1xa1 Bg7xa1
33.Bd6xb4 f5
34.g3 Kf7
35.f4 Ke6
36.Kf2 Ba1b2
37.Nd2xc4 dxc4
38.Ke3 Kd5
39.Bb4f8 c3
40.Kd3 Bb2a1
41.Bf8g7 c2
{ resign }
0-1

[Event "Tourn. n9202"]
[Site "www.chess-mail.com"]
[Date "2017.03.19"]
[Round "1"]
[White "Genius3"]
[Black "Amaya"]
[WhiteElo "1950"]
[BlackElo "2090"]
[Result "0-1"]
[Round "1"]
1.e4 e6
2.d4 d5
3.Nb1c3 Bf8b4
4.e5 Ng8e7
5.a3 Bb4xc3
6.bxc3 c5
7.a4 Qd8a5
8.Qd1d2 cxd4
9.cxd4 Qa5b6
10.Ng1f3 a5
11.Bc1a3 Nb8c6
12.Ba3c5 Qb6b2
13.Ra1d1 Nc6b4
14.Bc5xe7 Kxe7
15.Bf1d3 Nb4xd3
16.Qd2xd3 b6
17.Qd3b3 Qb2xb3
18.cxb3 Bc8a6
19.Kd2 Rh8c8
20.Rd1c1 Rc8xc1
21.Rh1xc1 Ra8c8
22.Rc1xc8 Ba6xc8
23.Kc3 h6
24.b4 Bc8d7
25.b5 f6
26.h3 Bd7e8
27.Kd3 Be8g6
28.Kc3 fxe5
29.Nf3xe5 Bg6f5
30.g4 Bf5b1
31.Ne5d3 { time. }
0-1

[Event "Tourn. n9200"]
[Site "www.chess-mail.com"]
[Date "2017.03.19"]
[Round "1"]
[White "Genius9"]
[Black "Nulladies"]
[WhiteElo "1720"]
[BlackElo "1740"]
[Result "0-1"]
[Round "1"]
1.d4 Ng8f6
2.c4 e6
3.Nb1c3 Bf8b4
4.e3 Nf6e4
5.Bc1d2 Ne4xd2
6.Qd1xd2 O-O
7.Ng1f3 b6
8.a3 Bb4e7
9.Bf1e2 Bc8b7
10.O-O d5
11.cxd5 exd5
12.Nf3e5 Nb8d7
13.f4 Nd7xe5
14.fxe5 c5
15.Be2f3 cxd4
16.exd4 Be7g5
17.Qd2e2 Rf8e8
18.Qe2d3 Ra8c8
19.Bf3g4 Rc8c7
20.Ra1e1 Rc7e7
21.Rf1f3 Bb7c8
22.Bg4xc8 Qd8xc8
23.Re1f1 Qc8e6
24.Qd3f5 Qe6xf5
25.Rf3xf5 Bg5e3
26.Kh1 Be3xd4
27.g3 Bd4xe5
28.Rf5f3 d4
29.Nc3d5 { time. }
0-1

[Event "Tourn. n9196"]
[Site "www.chess-mail.com"]
[Date "2017.03.19"]
[Round "1"]
[White "Osopanda"]
[Black "Genius3"]
[WhiteElo "2010"]
[BlackElo "1910"]
[Result "1-0"]
[Round "1"]
1.d4 Ng8f6
2.Ng1f3 e6
3.c4 b6
4.Nb1c3 Bc8b7
5.d5 Bf8b4
6.dxe6 Bb4xc3
7.bxc3 fxe6
8.Bc1g5 O-O
9.e3 Qd8e8
10.Bf1e2 d6
11.O-O Qe8g6
12.Bg5xf6 Rf8xf6
13.a4 Nb8d7
14.Be2d3 Qg6e8
15.Nf3g5 h6
16.Ng5h7 Rf6g6
17.Bd3xg6 Qe8xg6
18.f3 Kxh7
19.e4 Nd7e5
20.a5 Ra8f8
21.axb6 axb6
22.Ra1a7 Rf8b8
23.g3 Bb7c6
{ time. }
1-0

[Event "Tourn. n9277"]
[Site "www.chess-mail.com"]
[Date "2017.03.19"]
[Round "1"]
[White "Mrjordan"]
[Black "Grimsby"]
[WhiteElo "1619"]
[BlackElo "1390"]
[Result "1-0"]
[Round "1"]
1.d4 d5
2.c4 Nb8c6
3.c5 e5
4.e3 exd4
5.Bf1b5 Bc8d7
6.exd4 Qd8e7
7.Ng1e2 O-O-O
8.O-O a6
{ time. }
1-0

[Event "Match"]
[Site "www.echecsemail.com"]
[Date "2017.03.19"]
[Round "1"]
[White "Sonfamen"]
[Black "Wagner"]
[WhiteElo "1809"]
[BlackElo "1830"]
[Result "0-1"]
[Round "1"]
1.c4 e5
2.Nb1c3 c6
3.Ng1f3 d6
4.e4 Ng8f6
5.d4 Qd8b6
6.h3 h6
7.dxe5 dxe5
8.Nf3xe5 Bf8b4
9.Bc1e3 c5
10.Ne5d3 Bb4xc3
11.bxc3 Nf6xe4
12.Qd1c2 Nb8a6
13.Nd3e5 Bc8f5
14.Rh1g1 Qb6d6
15.Ne5d3 O-O
16.O-O-O b6
17.Nd3xc5 Qd6h2
18.f3 Na6xc5
 { time }
0-1